| 000 | 00376nam a2200145Ia 4500 | ||
|---|---|---|---|
| 008 | 151213s9999 xx 000 0 und d | ||
| 100 | _aSean O'Casey | ||
| 245 |
_aThree Plays _cSean O'Casey |
||
| 260 |
_aLondon _bMacmillan and Com. Ltd. _c1970 |
||
| 300 | _a7293 p. | ||
| 650 | _aEnglish Literature | ||
| 650 | _aEnglish Literature | ||
| 700 | _aSean O'Casey | ||
| 999 |
_c3864 _d3864 |
||